000 00485nam a2200181Ia 4500
001 25162
005 20260414151131.0
008 260414t2025||||xx |||||||||||||| ||spa||
041 _aESP
082 _a346.25
_bZ38
100 _aZárate del Pino, Juan Bélfor,
_eAUT
245 0 _aEl divorcio por causal en la jurisprudencia de la Corte Suprema 2020-2024
_b
260 _c2025
300 _a414 páginas :
_c25 cm.
650 _aDER
654 _aCDE
942 _cLIB
_dJUS
_fJUS
_2ddc
_n
999 _c25162
_d25162